00799nam a2200157Ia 4500008004100000020001800041082001700059100003200076245016900108260006300277300001100340440002200351650016000373952009100533999001700624120622s9999 xx 000 0 und d a968-36-1359-4 a910.92 D352t aDelgadillo Macías, Javier a[Treinta] 30 años de investigación económica regional en México : el pensamiento y la obra del geógrafo Angel Bassols Batalla / Javier Delgadillo Macías aMéxico : UNAM, Instituto de Investigaciones Económicas a322 p. aNuestros maestros a1. BASSOLS BATALLA, ANGEL - CRITICA TEXTUAL \ 2. ECONOMIA REGIONAL - MEXICO \ 3. INVESTIGACION ECONOMICA - MEXICO \ 4. INVESTIGACION GEOGRAFICA - MEXICOÌ 00104070a01b01d2007-01-25l0o910.92 D352Tp01 003076r2012-06-24w2012-06-24yLB c57540d57540